00679nam a2200241 a 4500001001300000003000900013005001700022008004100039020002300080082001600103100001800119245002400137260002900161300000900190500003500199505001000234650001100244700001800255902000800273942000700281952013200288999001700420nice12345678IN_TiNIC20260116014436.0050524s1999 lona grp 000 0 eng  a1569573 c19500a297.4bERN3 aErnst, Carl W aTeachings of Sufism aLondonbShambhala c1999 a217p aincludes index and biblioraphy2 aIndex aSufism1 aErnst, Carl W bSRS cBK 001040708StackRoom-aHMIbHMId2013-02-25g195.00l4m2o297.4 ERN3p020813r2022-09-20s2022-09-14v195.00w2005-05-24yBK c15335d15335